00930nam a2200277Ia 450000500170000000800410001702000180005808200090007610000240008524500890010925000180019830000250021649000090024153400320025065000420028265000470032465000370037165000420040870000350045026400330048533600270051833700330054533800280057804000350060608400110064120220317001459.0161108s2010 ag g 000 f s  a9789876701556 aIRV21 aIrving, Johnd1942-13aLa última noche en Twisted RivercJohn Irving ; traducción de Carlos Milla Soler a1a. edición a657 páginasc19 cm aMaxi tLast Night in Twisted River142LEMBaNovela estadounidenseySiglo XX142LEMBaLiteratura estadounidenseySiglo XX 142LEMBaAventuras en la literatura142LEMBaPadres e hijos en la literatura1 aMilla Soler, Carlosetraductor aBuenos AiresbTusquetsc2010 atextobtxt2rdacontent asin mediaciónbn2rdamedia avolumenbnc2rdacarrier aCO-BoRNBPbspaerdacCO-BoRNBP aN IRV2